| 000 | 01002nam a22002417a 4500 | ||
|---|---|---|---|
| 005 | 20250722162110.0 | ||
| 008 | 250722b |||||||| |||| 00| 0 eng d | ||
| 020 | _a978-81-948152-1-1 (hbk) | ||
| 037 | _cTB | ||
| 040 |
_aCRL _cCRL |
||
| 041 |
_2hin _ahin |
||
| 084 |
_aO152,2x R0 _qCRL |
||
| 100 |
_aकमल, एम. _9816294 |
||
| 245 |
_aबुद्धिजीवी तथा अन्य नाटक: _bप्रयोगात्मक नाटक |
||
| 260 |
_aमुंबई, भारत: _bआर. के. पब्लिकेशन, _c2020. |
||
| 300 | _a141पृ. | ||
| 365 |
_b295.00 _cINR |
||
| 650 | _aहिन्दी नाटक | ||
| 650 | _aहिन्दी साहित्य | ||
| 700 |
_aमोटवानी,संतोष _eअनुवादक _9816295 |
||
| 942 |
_2CC _cTB _hO152,2x R0 _n0 |
||
| 999 |
_c1434182 _d1434182 |
||